02481nam a2200349 a 4500001001000000003000400010005001700014007000300031008004100034040002500075082002900100100003400129245010400163260003500267300002000302504003300322505004200355505003500397505020000432505077200632505019501404505002101599590002601620650004401646651004401690710004501734910004101779942001301820952012701833952015601960999001502116000002720OSt20240229073953.0ta090703e1973 dr er 001 0dspa d aDO-SdBNPbspacBNPHU aBNPHU -338.097293bV422e1 aVega, Bernardo,d1938 -9322210aEvaluación de la política de industrialización de la República Dominicana /cBernardo Vega. aSanto Domingo :b[s.n.]c1973. a221 p ;c22 cm. aBibliografía : p. 101-112 1 aAntecedentes, resumen y conclusiones.1 aCapítulo I - introducción.1 aCapítulo II - 1- La ley No. 299 sobre incentivos y protección industrial. 2- la ley no. 295 sobre devolución de impuestos cuando se realizan exportaciones. 3- las leyes sobre zonas francas.1 aCapítulo III : IV- La política de integración económica y de comercio exterior. V- la política de tasa de cambio del país. VI- el arancel de importación y exportación. VII- controles comisarios. VIII- la política Nacional sobre el papel de la inversión extranjera es el país. IX- el papel d la inversión pública en el proceso nacional de industrialización. X- la política normativa y de créditos industriales del país. XI- la orientación de la inversión pública por sectores y prioridades. XII- zonas industriales, zonificación y contaminación ambiental. 1 aCuadros : 1- criterios socio-económicos utilizados en varios mecanismos de evaluación. 2- empresas que han obtenido clasificación "a". 3- empresas que han obtenido clasificación "c".1 aCuadros. anexos. aInventariado, 2018/LP 4aPolítica de industrialización98579 4aRepública DominicanaxIndustria985780 aConsejo Estatal del Azúcar (CEA)98580 aValidado. Control de calidad MMOLINA 2ddccLFM 0010718PDaPDbPDcHDd2009-07-03e026468iLF1l0o338.097293 V422ep2720-10r2020-06-25w2020-06-25yLFPDZNo se presta 00102ddc53728AMaBNPHUbPDcHDd2020-01-07eDonado por Luis Tomás Oviedol0oBNPHU -338.097293 V422ep2021-0120r2021-01-26te.2w2021-01-26yLFM c2555d2555